Κατάλογος Βιβλιοθηκών Mediterranean College

Understanding Human Development / Biological, Social and Psychological Processes from Conception to Adult Life (Record no. 6189)

MARC details
000 -LEADER
fixed length control field 01370cam a22001934a 4500
005 - ΗΜΕΡΟΜΗΝΙΑ ΚΑΙ ΩΡΑ ΤΕΛΕΥΤΑΙΑΣ ΕΝΗΜΕΡΩΣΗΣ
Πεδίο ελέγχου 20250605164235.0
008 - FIXED-LENGTH DATA ELEMENTS--GENERAL INFORMATION
Πεδίο ελέγχου σταθερού μήκους 250528s ||||||||||||||||||||||||d
035 ## - SYSTEM CONTROL NUMBER
System control number 21120
020 ## - ISBN
ISBN 9781403933065
040 ## - ΠΗΓΗ ΚΑΤΑΛΟΓΟΓΡΑΦΗΣΗΣ
Φορέας πρωτότυπης καταλογογράφησης MC Athens Campus Library
Γλώσσα καταλογογράφησης Ελληνικά, Μοντέρνα (1453-)
Modifying agency MC Athens Campus Library
Κανόνες περιγραφικής καταλογογράφησης AACR2
245 1# - ΤΙΤΛΟΣ ΚΑΙ ΔΗΛΩΣΗ ΥΠΕΥΘΥΝΟΤΗΤΑΣ
Τίτλος Understanding Human Development / Biological, Social and Psychological Processes from Conception to Adult Life
260 ## - PUBLICATION, DISTRIBUTION, ETC.
Name of publisher, distributor, etc. Palgrave Macmillan,
Date of publication, distribution, etc. 2008
300 ## - PHYSICAL DESCRIPTION
Extent 664
520 ## - SUMMARY, ETC.
Summary, etc. The author critically reviews research on human development from the earliest studies to the theories and issues of the 21st century, including recent breakthroughs in neuropsychology, cross-cultural psychology and in the application of dynamic systems theory. Studying Human Development, The Beginning of Life, Bodies and Brains, Infrant Minds: Perception and Inference and Understanding in the First 18 Months, Growing Emotions: Social and Personal Development in the First 18 Months, Cognitive Development from Infancy from Infancy to Adulthood, Language, Reasoning and Conceptual Understanding, Memory and Problem Solving and Mechanisms of Cognitive Development, Individual Differences in Cognition, Prosocial and Antisocial Behavior, A Final Comment, Toward a New View of Development, References, Name and Subject Index.
700 1# - ΠΡΟΣΘΕΤΗ ΑΝΑΓΡΑΦΗ--ΦΥΣΙΚΟ ΠΡΟΣΩΠΟ
Personal name Thornton Stephanie
9 (RLIN) 7152
942 ## - ADDED ENTRY ELEMENTS (KOHA)
Koha item type Books
Holdings
Τύπος τεκμηρίου Βιβλιοθήκη Τρέχουσα τοποθεσία Barcode Αριθμός εισαγωγής Ημερομηνία απόκτησης Ταξιθετικό σύμβολο Αριθμός αντιτύπου Κατάσταση απόσυρσης Κατάσταση χαμένου Κατάσταση κατεστραμμένου Μη δανεισμός Σύνολο δανεισμών Ημερομηνία τελευταίας εμφάνισης Η τιμή ισχύει από
Books MC Athens Campus Library MC Athens Campus Library 9780000061881 2830 05/06/2025 155 THO 1           05/06/2025 05/06/2025

MC Athens Campus Library
Πατησίων 94 & Κοδριγκτώνος 13, 104 34
Πελλήνης 8 & Πατησίων 107, 112 51
Τ: +30 210 8899600

MC Thessaloniki Campus Library
Ίωνος Δραγούμη 21, 54625 | Ίωνος Δραγούμη 15, 54625
Τ: +30 2310 287779 – Τ: +30 2314 440300